| 000 | 00386nam a2200133Ia 4500 | ||
|---|---|---|---|
| 008 | 230411s9999 xx 000 0 und d | ||
| 041 | _aeng | ||
| 082 | _aF/610.7302/COR/B07277 | ||
| 100 | _aCorreia Cecy | ||
| 245 | _aPrinciples and Practice of Nursing Art of Nursing Procedures Volume 1 | ||
| 260 |
_bJaypee Brothers _aNew Delhi _c2013 |
||
| 300 | _a592p | ||
| 999 |
_c157418 _d157418 |
||